Leathercraft for beginners : (Record no. 1446)

MARC details
000 -LEADER
fixed length control field 01222cam a2200301 a 4500
005 - DATE AND TIME OF LATEST TRANSACTION
control field 20260322212100.0
008 - FIXED-LENGTH DATA ELEMENTS--GENERAL INFORMATION
fixed length control field data
010 ## - LIBRARY OF CONGRESS CONTROL NUMBER
LC control number 2006046348
020 ## - INTERNATIONAL STANDARD BOOK NUMBER
International Standard Book Number 0486452808 (pbk.)
020 ## - INTERNATIONAL STANDARD BOOK NUMBER
International Standard Book Number 9780486452807 (pbk.)
040 ## - CATALOGING SOURCE
Original cataloging agency DLC
Transcribing agency DLC
Modifying agency DLC
042 ## - AUTHENTICATION CODE
Authentication code pcc
050 00 - LIBRARY OF CONGRESS CALL NUMBER
Classification number TT290
Item number .C7 2006
082 00 - DEWEY DECIMAL CLASSIFICATION NUMBER
Classification number 745.53/1
Edition information 22
092 ## - LOCALLY ASSIGNED DEWEY CALL NUMBER (OCLC)
Classification number 745.53 C7 2006
001 - CONTROL NUMBER
control field data
100 1# - MAIN ENTRY--PERSONAL NAME
Personal name Cramlet, Ross C.
240 00 - UNIFORM TITLE
Uniform title Fundamentals of leathercraft
245 10 - TITLE STATEMENT
Title Leathercraft for beginners :
Remainder of title with easy-to-do projects /
Statement of responsibility, etc. Ross C. Cramlet.
260 ## - PUBLICATION, DISTRIBUTION, ETC.
Place of publication, distribution, etc. Mineola, N.Y. :
Name of publisher, distributor, etc. Dover Publications,
Date of publication, distribution, etc. 2006.
300 ## - PHYSICAL DESCRIPTION
Extent 61 p. :
Other physical details ill. ;
Dimensions 24 cm.
500 ## - GENERAL NOTE
General note Reprint. originally published under title: Fundamentals of leathercraft. Milwaukee, WI, 1939.
650 #0 - SUBJECT ADDED ENTRY--TOPICAL TERM
Topical term or geographic name entry element Leatherwork.
856 42 - ELECTRONIC LOCATION AND ACCESS
Materials specified Publisher description
Uniform Resource Identifier <a href="http://www.loc.gov/catdir/enhancements/fy0659/2006046348-d.html">http://www.loc.gov/catdir/enhancements/fy0659/2006046348-d.html</a>
906 ## - LOCAL DATA ELEMENT F, LDF (RLIN)
a 7
b cbc
c orignew
d 1
e ocip
f 20
g y-gencatlg
925 0# -
-- acquire
-- 1 shelf copies
-- policy default
955 ## - COPY-LEVEL INFORMATION (RLIN)
-- jf04 2006-06-02
-- jf04 2006-06-02 to Dewey
-- lg13 2007-02-15 to SL;
-- lg13 2007-02-15 to BCCD
Holdings
Withdrawn status Lost status Damaged status Not for loan Home library Current library Shelving location Date acquired Total checkouts Full call number Barcode Date last seen Price effective from Koha item type
        Centerville Centerville General stacks 22/03/2026   745.53/1 22 BC0011493 22/03/2026 22/03/2026 Books